| 000 | 00989nam a2200241Ia 4500 | ||
|---|---|---|---|
| 001 | 21617 | ||
| 005 | 20260422162147.0 | ||
| 008 | 260320s9999||||xx |||||||||||||| ||und|| | ||
| 020 | _a8473561201 | ||
| 041 | _aESP | ||
| 082 |
_a658.8 _bS16 |
||
| 100 |
_aSainz de Vicuña Ancín, José Maria, _eAUT |
||
| 245 | 0 | _aPlan de marketing en la práctica | |
| 250 | _aTercera edición | ||
| 260 |
_aMadrid : _bEdiciones ESIC, _c1995 |
||
| 300 |
_a348 páginas : _bcuadros, gráficos ; _c22 cm. |
||
| 650 | _aTCA | ||
| 653 | _aAdministración; Gerencia de mercado; Plan de marketing | ||
| 654 | _aCAN | ||
| 856 |
_uhttps://0u213xits-y-https-ebooks7--24-com.itmsp.museknowledge.com/visorEpub.aspx?i=31453&t=6FD85C47-1F1C-4E7B-944A-A54F68AA76CC _zVéase además: Marketing, por Roger Kerin y Steven Hartley. Versión digital |
||
| 856 |
_uhttps://0u213wl13-y-https-ebooks7--24-com.itmsp.museknowledge.com/biblioteca.aspx _zVéase además: Base de datos Ebook7-24 |
||
| 942 |
_cLIB _dJUS _fTRC _2ddc |
||
| 999 |
_c21617 _d21617 |
||